Statistiques concernant Les 20 préfectures les plus proches de Cayenne

Cliquez ici pour prendre le quiz!

Statistiques générales

  • Ce quiz a été pris 65 fois
  • Le résultat moyen est 17 sur 20

Statistiques - réponses

distance (en km)ville préfecture% Correct
6 693Bordeaux
100%
6 636Pau
98%
1440Fort de France
97%
6 654Mont de Marsan
92%
6 666Tarbes
92%
1 604Basse terre
90%
6 725La roche sur Yon
90%
6 718La Rochelle
88%
6 744Nantes
86%
6 750Agen
83%
6 619Quimper
83%
6 688Vannes
83%
6 802Perigueux
80%
6 784Toulouse
80%
6 722Auch
78%
6 783Rennes
78%
6 768Foix
76%
6 795Montauban
76%
6 734Saint Brieuc
73%
6 773Niort
71%

Distribution des résultats

Percentile par nombre de réponses

% des personnes avec chaque résultat

Votre développement - résultats

Vous n’avez pas pris ce quiz